000
00192 a2200097 4500
001
29403
100
_a
Hen Duson
245
_a
English way
260
_a
_b
Macdonald
_c
090
_c
19616
_d
19616
942
_a
NUST-CAE
_c
M
_c
10687
999
_c
264476
_d
264476